<?xml version="1.0" encoding="UTF-8"?>
<record
    xmlns:xsi="http://www.w3.org/2001/XMLSchema-instance"
    xsi:schemaLocation="http://www.loc.gov/MARC21/slim http://www.loc.gov/standards/marcxml/schema/MARC21slim.xsd"
    xmlns="http://www.loc.gov/MARC21/slim">

  <leader>04046nam a2200337 a 4500</leader>
  <controlfield tag="003">OSt</controlfield>
  <controlfield tag="005">20250812141907.0</controlfield>
  <controlfield tag="007">cr ||||||a|a|a</controlfield>
  <controlfield tag="008">250626s2025    mx a|||fom||| 001 0 spa d</controlfield>
  <datafield tag="040" ind1=" " ind2=" ">
    <subfield code="e">rda</subfield>
  </datafield>
  <datafield tag="100" ind1="1" ind2=" ">
    <subfield code="a">Le&#xF3;n Gonz&#xE1;lez, Claudia Yesenia</subfield>
    <subfield code="9">190547</subfield>
  </datafield>
  <datafield tag="245" ind1="1" ind2="0">
    <subfield code="a">Din&#xE1;mica del conteo fecal de huevos de par&#xE1;sitos internos en becerros lactantes en Chiapas, M&#xE9;xico/</subfield>
    <subfield code="c">por Claudia Yesenia Le&#xF3;n Gonz&#xE1;lez; director de tesis Roberto Gonz&#xE1;lez Gardu&#xF1;o; secretario Mar&#xED;a Eugenia L&#xF3;pez Arellano; vocal G&#xE9;nesis Andrea Bautista Garc&#xED;a; suplente Carmen C&#xF3;rdova P&#xE9;rez; suplente Ever del Jes&#xFA;s Flores Santiago.</subfield>
  </datafield>
  <datafield tag="264" ind1=" " ind2="1">
    <subfield code="a">Chapingo, M&#xE9;xico :</subfield>
    <subfield code="b">El autor,</subfield>
    <subfield code="c">2024.</subfield>
  </datafield>
  <datafield tag="300" ind1=" " ind2=" ">
    <subfield code="a">1 recurso en l&#xED;nea (83 p&#xE1;ginas):</subfield>
    <subfield code="b">cuadros, figuras.</subfield>
  </datafield>
  <datafield tag="336" ind1=" " ind2=" ">
    <subfield code="2">rdacontent</subfield>
    <subfield code="a">texto</subfield>
    <subfield code="b">txt</subfield>
  </datafield>
  <datafield tag="337" ind1=" " ind2=" ">
    <subfield code="2">rdamedia</subfield>
    <subfield code="a">computadora</subfield>
    <subfield code="b">c</subfield>
  </datafield>
  <datafield tag="338" ind1=" " ind2=" ">
    <subfield code="2">rdacarrier</subfield>
    <subfield code="a">recurso en l&#xED;nea</subfield>
    <subfield code="b">cr</subfield>
  </datafield>
  <datafield tag="502" ind1=" " ind2=" ">
    <subfield code="b">IAEZT</subfield>
    <subfield code="c">DCRU</subfield>
    <subfield code="d">2024.</subfield>
    <subfield code="g">LIC</subfield>
  </datafield>
  <datafield tag="504" ind1=" " ind2=" ">
    <subfield code="a">Incluye referencias bibliogr&#xE1;ficas: p&#xE1;ginas 54-74.</subfield>
  </datafield>
  <datafield tag="520" ind1=" " ind2=" ">
    <subfield code="a">En el tr&#xF3;pico de M&#xE9;xico las enfermedades parasitarias son uno de los principales problemas que enfrenta la ganader&#xED;a porque causa p&#xE9;rdidas econ&#xF3;micas significativas por sus diversos efectos directos e indirectos. Los par&#xE1;sitos gastrointestinales (PGI) afectan negativamente la producci&#xF3;n bovina especialmente al ganado menor de dos a&#xF1;os y el desarrollo de resistencia natural de los animales es una posibilidad de control de los PGI, por lo que la hip&#xF3;tesis propuesta fue que la inmunidad contra PGI se desarrolla de manera progresiva conforme aumenta la edad, reduci&#xE9;ndose las infecciones parasitarias y por tanto requiriendo menos aplicaciones de antihelm&#xED;nticos en los animales m&#xE1;s grandes. El objetivo del presente estudio fue conocer la din&#xE1;mica del conteo fecal de huevos (CFH) de PGI en becerros desde el nacimiento hasta los ocho meses de edad. El experimento se realiz&#xF3; en el municipio de Salto de Agua, Chiapas, M&#xE9;xico. Se evaluaron 28 becerros lactantes durante un periodo de 6 meses; con un grupo desparasitado (n=14) y un grupo testigo (n=14). Se obtuvieron muestras fecales cada 21 d&#xED;as las cuales se procesaron mediante las t&#xE9;cnicas de McMaster y sedimentaci&#xF3;n para obtener el n&#xFA;mero de huevos por gramo de heces (HPG), se realizaron coprocultivos para obtener larvas de tercer estadio para identificaci&#xF3;n morfol&#xF3;gica de especies y se obtuvieron muestras de sangre para analizar la respuesta hematol&#xF3;gica. Los CFH mostraron valores medios de 400 &#xB1; 323 HPG, de los cuales el g&#xE9;nero Cooperia fue el predominante (80%), y en un porcentaje bajo Haemonchus y Trichostrongylus, mientras que Strongyloides fue abundante especialmente durante la estaci&#xF3;n lluviosa y en becerros menores a cinco meses de edad, y Oesophagostomum se observ&#xF3; en una proporci&#xF3;n muy baja (&lt;5%). Hasta los ocho meses de edad, los becerros desparasitados mostraron HPG similares al grupo testigo con reducciones conforme al incremento en edad. La respuesta hematol&#xF3;gica no mostro interacciones significativas con respecto al HPG. El antihelm&#xED;ntico utilizado para controlar los PGI mostro una efectividad por debajo del 95%. En conclusi&#xF3;n, se observ&#xF3; una disminuci&#xF3;n significativa de la poblaci&#xF3;n de PGI a medida que aumentaba la edad de los becerros, pero no hubo diferencias significativas entre el grupo desparasitado y no desparasitado por la baja efectividad del antihelm&#xED;ntico.</subfield>
  </datafield>
  <datafield tag="650" ind1=" " ind2="4">
    <subfield code="a">Ganado vacuno</subfield>
    <subfield code="x">Par&#xE1;sitos</subfield>
    <subfield code="9">45500</subfield>
  </datafield>
  <datafield tag="650" ind1=" " ind2="4">
    <subfield code="a">Becerros</subfield>
    <subfield code="x">Par&#xE1;sitos</subfield>
    <subfield code="9">11185</subfield>
  </datafield>
  <datafield tag="650" ind1=" " ind2="4">
    <subfield code="a">Par&#xE1;sitos Gastroent&#xE9;ricos</subfield>
    <subfield code="9">144918</subfield>
  </datafield>
  <datafield tag="700" ind1="1" ind2=" ">
    <subfield code="a">Le&#xF3;n Gonz&#xE1;lez, Claudia Yesenia</subfield>
    <subfield code="e">director de tesis.</subfield>
    <subfield code="9">190547</subfield>
  </datafield>
  <datafield tag="700" ind1="1" ind2=" ">
    <subfield code="a">L&#xF3;pez Arellano, Mar&#xED;a Eugenia</subfield>
    <subfield code="9">190720</subfield>
    <subfield code="e">secretario.</subfield>
  </datafield>
  <datafield tag="700" ind1="1" ind2=" ">
    <subfield code="a">Bautista Garc&#xED;a, G&#xE9;nesis Andrea</subfield>
    <subfield code="9">190719</subfield>
    <subfield code="e">vocal.</subfield>
  </datafield>
  <datafield tag="700" ind1="1" ind2=" ">
    <subfield code="a">Cordova P&#xE9;rez, Carmen</subfield>
    <subfield code="9">190192</subfield>
    <subfield code="e">suplente.</subfield>
  </datafield>
  <datafield tag="700" ind1="1" ind2=" ">
    <subfield code="a">Flores Santiago, Ever del Jes&#xFA;s</subfield>
    <subfield code="e">suplente.</subfield>
    <subfield code="9">41735</subfield>
  </datafield>
  <datafield tag="856" ind1=" " ind2=" ">
    <subfield code="u">http://10.13.5.2/tesis/tl/1911260-9_LEON-GONZALEZ_CLAUDIAYESENIA.pdf</subfield>
    <subfield code="z">DESCARGAR PDF</subfield>
  </datafield>
  <datafield tag="942" ind1=" " ind2=" ">
    <subfield code="2">Clasificaci&#xF3;n Universidad Aut&#xF3;noma Chapingo</subfield>
    <subfield code="c">TD</subfield>
  </datafield>
  <datafield tag="999" ind1=" " ind2=" ">
    <subfield code="c">220695</subfield>
    <subfield code="d">220695</subfield>
  </datafield>
  <datafield tag="952" ind1=" " ind2=" ">
    <subfield code="0">0</subfield>
    <subfield code="1">0</subfield>
    <subfield code="2">local</subfield>
    <subfield code="4">0</subfield>
    <subfield code="5">1</subfield>
    <subfield code="7">0</subfield>
    <subfield code="8">TesDigL</subfield>
    <subfield code="a">BD</subfield>
    <subfield code="b">BD</subfield>
    <subfield code="c">E_L</subfield>
    <subfield code="d">2025-06-26</subfield>
    <subfield code="l">0</subfield>
    <subfield code="o">Tesis digital</subfield>
    <subfield code="r">2025-06-26 13:40:34</subfield>
    <subfield code="w">2025-06-26</subfield>
    <subfield code="y">TD</subfield>
  </datafield>
</record>
